000 00951cam a2200289 i 4500
001 25494
003 Mx-PuUPA
005 20260514140931.0
008 140415s2021 mx gr 001 0 spa d
020 _a9786070936616
040 _aMx-PuUPA
_bspa
_cMx-PuUPA
_dMx-PuUPA
_erda
041 0 _aspa
043 _an-mx---
100 1 _aMendoza Aguirre, Jesús Alejandro,
_917953
_eautor
245 1 0 _aManual de juicio oral mercantil /
_cJesús Alejandro Mendoza Aguirre
250 _aPrimera edición
264 1 _aCiudad de México :
_bEditorial Porrúa,
_c©2021
300 _ax, 205 páginas ;
_c23 cm
336 _2rdacontent
_atexto
_btxt
337 _2rdamedia
_asin medio
_bn
338 _2rdacarrier
_avolumen
_bnc
650 7 _2armarc
_aJuicio mercantil
_xLegislación
_zMéxico
650 7 _2armarc
_aJuicio oral
_xLegislación
_zMéxico
942 _2ddc
_cLI
_h347.7207
_iM53
999 _c25494
_d25494